000 00532nam a2200157Ia 4500
008 100122s9999 xx 000 0 und d
082 _b21794
_a771.3
100 _aबेहरे श्री ना
245 _aफोटोग्राफी (वा.क.क्र.1/4)
250 _a0
260 _bउद्यम प्रकाशन
_c1973
300 _a162
630 _aफोटोग्राफी (वा.क.क्र.1/4)
730 _aफोटोग्राफी (वा.क.क्र.1/4)
942 _cBOOK
999 _c409749
_d409746